000 01445nam a22004097a 4500
001 000015809
003 CHAP
005 20220329134045.0
008 971013s1971 r 00010 d
010 _a14770
011 _a15742
035 _a19818
040 _cCHAP
090 _aFolleto 1937
100 0 0 _aHernández Xolocotzi, Efraím.
_954753
245 1 0 _aApuntes sobre la explotación etnobotánica y su metodología.
260 _aChapingo, Méx. :
_bENA. Colegio de Postgraduados,
_c1971.
300 _a69 p. :
_b: ilus.
530 _aTambien disponible en línea
590 _aBATCH-UPD
_b10
_c20130110
_lUCH01
_h1005
590 _aBATCH-UPD
_b10
_c20130410
_lUCH01
_h0615
590 _aBATCH-UPD
_b10
_c20130914
_lUCH01
_h1330
590 _aBATCH-UPD
_b10
_c20140324
_lUCH01
_h1438
590 _aBATCH-UPD
_b10
_c20141002
_lUCH01
_h0817
590 _aCONVERSION
_b10
_c20130109
_lUCH01
_h1309
590 _aE11695DGD
_b10
_c20140219
_lUCH01
_h1335
590 _aE5995AHE
_b05
_c20150203
_lUCH01
_h1237
650 1 4 _aEtnobotánica.
_938611
856 _3Finding aid
_uhttp://10.13.5.2/tesis/x15809.pdf
_zTeclea aquí
901 _aBK
942 _cFOLL
942 _n0
949 _aFolleto 1937
_bBC
_cFOLL
_d-46246
_eTS1
_i19818
_si
949 _aFolleto 1937
_bBC
_cFOLL
_d-46247
_eTS2
_fc.2
_i19818
_si
949 _aFolleto 1937
_bBC
_cFOLL
_d33724000640371
_eTS2
_fc.5
_i19818
_si
949 _aFolleto 1937
_bBC
_cUACH
_d-46248
_eUACH
_fc.3
_i19818
_si
999 _c14770
_d14770